Loading...
| History - European | 0 | 9 | 2 | 3 | 80 | 58 | 103.56 | 0 | 2 | 0.00 | 0.00 |
| Literature - World | 0 | 7 | 0 | 1 | 70 | 94 | 123.29 | 0 | 1 | 0.00 | 0.00 |
| Fine Arts - Classical Music | 0 | 6 | 1 | 3 | 55 | 102 | 127.83 | 0 | 0 | 0.00 | 0.00 |
| History - World | 0 | 6 | 2 | 0 | 50 | 67 | 95.83 | 0 | 1 | 0.00 | 0.00 |
| Any History | 0 | 5 | 1 | 2 | 45 | 76 | 106.20 | 0 | 1 | 0.00 | 0.00 |
| Literature - American | 0 | 5 | 1 | 1 | 45 | 98 | 122.20 | 0 | 2 | 0.00 | 0.00 |
| Literature - British | 0 | 4 | 0 | 0 | 40 | 109 | 119.75 | 0 | 0 | 0.00 | 0.00 |
| Literature - European | 0 | 3 | 0 | 0 | 30 | 85 | 99.67 | 0 | 1 | 0.00 | 0.00 |
| Geography | 0 | 3 | 0 | 0 | 30 | 95 | 100.00 | 0 | 1 | 0.00 | 0.00 |
| History - American | 0 | 3 | 1 | 1 | 25 | 91 | 107.00 | 1 | 1 | 0.00 | 0.00 |
| Fine Arts - Other | 0 | 2 | 0 | 0 | 20 | 30 | 55.00 | 0 | 2 | 0.00 | 0.00 |
| Current Events | 0 | 2 | 0 | 0 | 20 | 89 | 107.00 | 0 | 0 | 0.00 | 0.00 |
| Mythology | 0 | 2 | 0 | 0 | 20 | 115 | 120.50 | 0 | 0 | 0.00 | 0.00 |
| Other Academic | 0 | 2 | 0 | 0 | 20 | 105 | 113.50 | 0 | 0 | 0.00 | 0.00 |
| Religion | 0 | 2 | 0 | 0 | 20 | 57 | 95.50 | 1 | 1 | 0.00 | 0.00 |
| Science - Other | 0 | 1 | 0 | 0 | 10 | 136 | 136.00 | 0 | 0 | 0.00 | 0.00 |
| Science - Chemistry | 0 | 1 | 0 | 0 | 10 | 121 | 121.00 | 0 | 0 | 0.00 | 0.00 |
| Science - Biology | 0 | 1 | 0 | 0 | 10 | 116 | 116.00 | 0 | 0 | 0.00 | 0.00 |
| Painting & Sculpture | 0 | 1 | 1 | 0 | 5 | 100 | 100.00 | 0 | 0 | 0.00 | 0.00 |
| Social Science | 0 | 0 | 0 | 0 | 0 | 0.00 | 0 | 0 | 0.00 | 0.00 | |
| Philosophy | 0 | 0 | 1 | 0 | -5 | 0.00 | 0 | 0 | 0.00 | 0.00 |